| 000 | 00667cam a2200229 i 4500 | ||
|---|---|---|---|
| 001 | 106829 | ||
| 005 | 20230404125949.0 | ||
| 008 | 120504b1999 bl a 000 0 por | ||
| 020 | _a8573840439 | ||
| 050 | 1 | 4 |
_a103 F 2538.3 _bL239d 1999 |
| 082 | 0 | 0 | _a327.81 |
| 100 | 1 | _aLampreia, Luiz Felipe | |
| 245 | 1 | 0 |
_aDiplomacia brasileira : _bpalavras, contextos e razões / _cLuiz Felipe Lampreia |
| 250 | _a2a ed. | ||
| 260 |
_aRio de Janeiro : _bLacerda Editores, _c1999 |
||
| 300 |
_a420 p. : _bil ; _c21cm. |
||
| 651 | 0 |
_aBrazil _xForeign relations _y1985- |
|
| 651 | 4 |
_aBrasil _xRelaciones exteriores _y1985- |
|
| 650 | 4 | _a20150300 | |
| 942 |
_2lcc _cbk |
||
| 946 | _aSH | ||
| 999 |
_c8199 _d8199 |
||